Also a Toronto Subway (TTC) Stop Quiz Stats

 Plays Quiz not verified by Sporcle

Challenge
Share
Tweet
Embed
Score 0/25 Timer 08:00
0 Plays Today
% Correct
College
90.8%
Museum
89.9%
King
89.1%
Jane
88.4%
Warden
88.2%
Bay
88%
Lawrence
86.1%
Kennedy
84.4%
St. Patrick
84.3%
Finch
81.4%
Queen
80.6%
Chester
78.4%
Leslie
74.9%
% Correct
St. Andrew
72.3%
Wilson
69.8%
Dupont
68.5%
Union
68.5%
St. George
65.4%
Kipling
62.9%
Christie
62.3%
Runnymede
61.7%
Main Street
55.8%
Wellesley
53.8%
Castle Frank
52.4%
Greenwood
50.5%

You're not logged in!

Compare scores with friends on all Sporcle quizzes.
Join for Free
OR
Log In

You Might Also Like...

Show Comments

Extras

Top Quizzes Today


Score Distribution

Your Account Isn't Verified!

In order to create a playlist on Sporcle, you need to verify the email address you used during registration. Go to your Sporcle Settings to finish the process.

Report this User

Report this user for behavior that violates our Community Guidelines.

Details: